000 00301nam a22001337a 4500
008 180927b xxu||||| |||| 00| 0 eng d
020 _a9781118305133
041 _aeng
080 _23 ED
_a370
100 _a47
101 _aEDU
245 _aFature Magazine Writing
_cMiller.D
942 _2udc
_cBK
999 _c48531
_d48531